000 00644nam a2200229 a 4500
001 23186
003 CO-ViMGA
008 141112s2004 ck r 000 u spa d
020 _a9789681600150
040 _aCO-ViMGA
_bspa
_cCO-ViMGA
082 0 4 _a155.4 P414d
100 1 _aPiaget, Jean
_955302
245 1 0 _aEl desarrollo de la nocion de tiempo en el niño
260 _aMéxico :
_bFCE
300 _a304P.
650 1 4 _aPERCEPCION DEL TIEMPO
_933412
650 1 4 _aPSICOLOGIA EDUCATIVA
_914914
650 1 4 _aPSICOLOGIA INFANTIL
_91631
650 1 4 _aRAZONAMIENTO INFANTIL
_933413
650 1 4 _aSTRESS EN NIÑOS
_933414
942 _2ddc
_cBK
999 _c31439
_d31439